[Event "US Senior Championship"]
[Site "Saint Louis USA"]
[Date "2021.07.20"]
[Round "5.3"]
[White "Shabalov, Alexander"]
[Black "Kaidanov, Gregory"]
[Result "0-1"]
[WhiteElo "2521"]
[BlackElo "2547"]
[Annotator "Yermolinsky"]
[PlyCount "78"]
[EventDate "2021.07.16"]
[EventType "tourn"]
[EventRounds "9"]
[EventCountry "USA"]
[EventCategory "10"]
[SourceTitle "CL October 2021"]
[SourceDate "2021.10.01"]
[SourceVersion "1"]
[SourceVersionDate "2021.10.01"]
[SourceQuality "1"]

1. e4 e5 2. Nf3 Nc6 3. d4 exd4 4. Nxd4 Nf6 5. Nxc6 bxc6 6. e5 Qe7 7. Qe2 Nd5 {
[#]} 8. h4 $5 {So hot right now. Morozevich started this trend and many strong
players followed suit.} Qe6 {Kaidanov never shies away from a theoretical
battle.} ({White welcomes the endgame after} 8... d6 9. c4 Nb6 10. exd6 cxd6
11. Nc3 Qxe2+ 12. Bxe2 Be6 13. b3 d5 14. cxd5 Nxd5 15. Bd2 {where he can count
on small advantage.}) (8... f6 {is a principled reply. There may follow} 9. c4
(9. exf6 Nxf6 {is totally fine for Black}) 9... Ba6 10. Rh3 fxe5 11. Bg5 Nf6
12. Re3 {with great complications.}) ({I don't have much to say about} 8... g6
{. I suppose White then proceeds with} 9. Bg5) 9. Nd2 a5 $1 ({One game to
illustrate Black's problems was Tsydypov - M.Petrosyan, PNWCC Online G/60,
2021:} 9... Nb4 10. Nf3 Ba6 11. c4 d5 $2 ({better is} 11... c5) {and here my
student from Buryatia found a strong idea in} 12. a3 $1 Bxc4 13. Qd1 Na6 14. b4
{. One might say that the fate of the black knight is the key to this whole
variation. Sometimes it gets stuck on b6, and here it ended up on even a worse
square. The game continued} Bxf1 15. Kxf1 Be7 16. Nd4 $1 Qd7 ({or} 16... Qxe5
17. Ra2 {with a big attack in the air.}) 17. Qe2 Nb8 18. e6 $1 {and White
broke through.}) 10. g3 Nb4 $1 {After the game Shabalov expressed his
astonishment at the speed and accuracy of his opponent's play. Alexander
studied this line before the tournament, but Greg went deeper! His last move
was an improvement over battles between GMs Ivan Cheparinov and Rasmus Svane
that took place at the World Cup just three days prior to this game.} ({
The young German played} 10... Ba6 {first, then after} 11. c4 Nb4 {their games
deviated. For the Armageddon game Cheparinov prepared the strong} 12. Bh3 {
, a move made possible by the inclusion of ...Bc8-a6 for Black and c2-c4 for
White. After} Qg6 {White no longer needed to protect his e5-pawn and was able
to try} 13. Ne4 h5 14. a3 Nd5 {. Look at the acrobatics required to keep that
knight alive!} {After} 15. O-O Nb6 16. Qf3 {Ivan moved in for the kill. The
conclusion is that Svane's 10th move was a serious mistake. Kaidanov wasn't
going to repeat it.}) 11. Nf3 ({Obviously, White doesn't have} 11. Bh3 $2 {
on account of} Nxc2+ 12. Kd1 Qd5 $1) 11... Ba6 {Only now!} 12. c4 Qg6 13. h5
Qc2 $1 {Black's high wire act is fully justified tactically and keeps his
knight active. The threat is to trade queens, when White won't have any good
recapture.} 14. Nd2 $2 {Going back with the knight is depressing in itself,
and it also happens to be a blunder.} ({In the above mentioned
Cheparinov-Svane rapid game, Ivan found the right move: after} 14. Rh4 $1 Be7
15. Bg5 {he only stood slightly worse. I bet Kaidanov knew all of this before
the game. Such is the quality of preparation required in modern chess.}) 14...
Qf5 $2 ({By mutual admission both players missed} 14... Nxa2 $1) 15. g4 $2 (15.
Bh3 Qd3 16. Kf1 $1 d5 {still favors Black, but it was White's best chance.})
15... Qe6 {The black queen returned to her post, and now White is in trouble.}
16. Kd1 {A sad admission of guilt. Any other reasonably move would be strongly
answered by ...d7-d5.} ({For example,} 16. Nb3 d5 $1 17. Nd4 Qd7 {, or}) (16.
Qe4 d5 17. exd6 Bxd6 {.}) 16... c5 17. Bg2 Nc6 {The position is very complex,
and now it's Greg's turn to go wrong.} ({Better was} 17... O-O-O $1 18. Qe4 Nc6
{preventing} 19. f4 $2 {due to} Qxg4+ {.}) 18. f4 Nd4 19. f5 Qb6 20. Qe4 c6 21.
b3 O-O-O 22. Bb2 Bb7 23. Kc1 $2 ({After the game Shabalov found the right move:
} 23. Rc1 $1 {, as the idea is to prepare for the Black's d-pawn strike.} d6 ({
Not} 23... d5 24. cxd5 cxd5 $4 25. Qxd4) 24. Bxd4 cxd4 25. c5 dxc5 26. Nc4 {
and White stands better. Perhaps this was the decisive point of the entire
tournament.}) 23... d6 24. Nf3 dxe5 25. Nxe5 Re8 26. f6 g6 $6 ({Kaidanov
avoided} 26... gxf6 27. Bxd4 cxd4 28. Qf5+) ({but} 26... Kc7 $1 {would have
served the same purpose in a far more effective way.}) 27. hxg6 fxg6 28. g5 Qc7
29. Qg4+ Kb8 30. Nf3 (30. Nxg6 {loses to} Bc8 $1 31. Qh4 hxg6 32. Qxh8 Qf4+) ({
but there was the miraculous} 30. Nd7+ $1 Ka8 31. Bxd4 cxd4 32. c5 {keeping
the game going.}) 30... Bc8 {It's all over now, as White is unable to get his
rook on a1 into play, and the king lacks shelter.} 31. Qh4 Ne2+ 32. Kd1 Nf4 33.
Bf1 Bd6 34. Bc3 Bf5 35. Bd2 Rd8 36. Rc1 Nh5 37. Rg1 Bg3 38. Qh1 Rhe8 39. Rc3
Rxd2+ ({Play might continue} 39... Rxd2+ 40. Kxd2 Bf4+ 41. Kd1 Qd6+ 42. Bd3
Bxd3 {when the White position is overrun.}) 0-1

[Event "US Senior Championship"]
[Site "Saint Louis USA"]
[Date "2021.07.22"]
[Round "6.3"]
[White "Kaidanov, Gregory"]
[Black "Fishbein, Alexander"]
[Result "1-0"]
[WhiteElo "2547"]
[BlackElo "2417"]
[Annotator "Yermolinsky"]
[PlyCount "101"]
[EventDate "2021.07.16"]
[EventType "tourn"]
[EventRounds "9"]
[EventCountry "USA"]
[EventCategory "10"]
[SourceTitle "CL October 2021"]
[SourceDate "2021.10.01"]
[SourceVersion "1"]
[SourceVersionDate "2021.10.01"]
[SourceQuality "1"]

1. e4 {Before switching to closed openings, Gregory Kaidanov was quite a
fearsome 1.e4 player. He prepared for this particular encounter on the
assumption that Alex Fishbein would play his old Classical Sicilian lines.} c5
2. Nf3 d6 3. d4 cxd4 4. Nxd4 Nf6 5. Nc3 Nc6 6. Bg5 e6 7. Qd3 {A little twist
in an old tale.} Be7 8. O-O-O Nxd4 {Fishbein takes the game into main
theoretical waters.} 9. Qxd4 O-O 10. h4 $1 {This is the most flexible move.
White keeps the option of moving his f-pawn one or two squares, depending on
Black's responses.} Qa5 $6 {I'm not a fan of this move, but there is no easy
solution to Black's problems.} ({For example, in case of} 10... h6 {White may
play} 11. f3 ({avoiding old theoretical lines after} 11. f4 hxg5 12. hxg5 Ng4
13. Be2 e5 14. Qg1 exf4 15. Bxg4 Bxg5) {where} 11... e5 12. Qf2 hxg5 13. hxg5
Ng4 14. fxg4 Bxg5+ 15. Kb1 Bxg4 16. Be2 {offers good compensation for a pawn.})
({while} 10... a6 11. e5 $5 dxe5 12. Qxe5 Bd7 13. Rh3 $1 {is another major
point of the early h-pawn move.}) 11. Kb1 h6 {It's easy to criticise this move
unless you look at alternatives.} ({One of the early proponents of the h2-h4
move was my good friend German GM Thomas Luther. His game with Miroshnichenko,
Capelle 2008, went as follows:} 11... Rd8 12. Qd2 b6 13. f3 Bb7 14. Qf2 Rac8
15. Nb5 $1 {Suddenly the black queen is trapped, and Miro's remedy} a6 16. Bd2
Rxc2 {turned out to be no solution at all after} 17. Bxa5 Rxf2 18. Bxb6 {.}) ({
Safer seems} 11... a6 {but then White may switch gears to} 12. f4 $5 Rd8 13.
Bd3 {.}) 12. Bd2 $1 Qc7 ({White's position is structurally superior after} 
12... Qc5 13. Qxc5 dxc5 14. f3 {.}) 13. f3 d5 $5 {[#] Having seen no remedy
against g2-g4-g5, Fishbein decided to pitch a pawn to liberate his game. Such
deparate measures usually don't work against Gregory Kaidanov, who always
welcomes tactical melees when he feels he has a superior position. He believes
in his ability to find the best moves and he is never afraid of calculation.}
14. exd5 Bc5 15. d6 $1 {Case in point.} Bxd4 16. dxc7 Be5 17. Nb5 {Keeping the
c7-pawn alive is the key to success.} Bd7 ({The alternatives are no better:} 
17... Nd5 18. f4 Nxf4 19. Bb4 Nd5 (19... Re8 20. Rd8) 20. Bxf8 Kxf8 21. Bc4
Nxc7 22. Nxa7 {,}) ({and} 17... a6 18. f4 axb5 19. fxe5 Nd5 20. Bxb5 Nxc7 21.
Be2 {.}) 18. f4 Bxb5 19. fxe5 Bxf1 20. exf6 Be2 21. fxg7 Rfc8 22. Rde1 Bg4 23.
Re4 h5 24. Rc4 Kxg7 25. Re1 ({Perhaps} 25. Bb4 Re8 26. Be7 {was worth a look.
Perhaps Kaidanov didn't want to give Black a chance to sacrifice the exchange
for the c-pawn.}) 25... f6 26. Re3 {In retrospect, the rook lift wasn't very
effective.} ({I'm not sure why White rejected the natural} 26. a4 e5 27. a5 {.}
) 26... e5 27. Rd3 Kf7 {The best chance under the circumstances. Black's short
pawn chain in the center fights for control of the dark squares, and his
bishop is nicely anchored.} 28. Rc5 $6 {A moderate inaccuracy.} ({White need
not fear a trade of one pair of rooks, as long as his queenside play develops
in time. One possibility is} 28. Rcc3 Bf5 29. Rg3 Rg8 30. Rxg8 Rxg8 31. b3 Ke7
32. Be3 b6 (32... a6 33. Bb6) 33. a4 $1 Kd7 34. a5 {with a strong edge.}) 28...
Bf5 29. Re3 Bd7 30. g3 Bc6 31. Ba5 Be8 $2 {The wrong idea.} ({Fishbein needed
to keep his bishop on the long diagonal:} 31... Bh1 32. Rcc3 b6 33. Bb4 a5 34.
Bd6 (34. Ba3 Ra7) 34... Ke6 {and Black is very close to saving the game.}) 32.
Rcc3 Bb5 33. b3 b6 34. a4 $1 {As Alex Shabalov famously said, you can discern
a player's strength by how he counterattacks instead of retreating.} Be8 35.
Bb4 a5 36. Bd6 b5 37. axb5 Bxb5 38. Bxe5 $1 {The icing on the cake! White gets
four pawns for the bishop and coasts to victory.} fxe5 39. Rxe5 Be8 40. Rxh5
Ke6 41. Rh6+ Kd5 42. g4 Ra7 43. Rh8 Raa8 44. h5 Ke6 45. g5 Bd7 46. Rh7 Be8 47.
g6 Bb5 48. Rf7 Rh8 49. Re3+ Kd6 50. g7 Rxh5 51. Rf8 1-0

[Event "US Senior Championship"]
[Site "Saint Louis USA"]
[Date "2021.07.24"]
[Round "8"]
[White "Kaidanov, Gregory"]
[Black "Yermolinsky, Alex"]
[Result "0-1"]
[WhiteElo "2547"]
[BlackElo "2478"]
[Annotator "Yermolinsky"]
[PlyCount "66"]
[EventDate "2021.07.16"]
[EventType "tourn"]
[EventRounds "9"]
[EventCountry "USA"]
[EventCategory "10"]
[SourceTitle "CL October 2021"]
[SourceDate "2021.10.01"]
[SourceVersion "1"]
[SourceVersionDate "2021.10.01"]
[SourceQuality "1"]

1. d4 d5 2. c4 c6 {I'm no big expert on the Slav, but I know better than to
play my usual garbage openings against Gregory Kaidanov.} 3. Nc3 Nf6 4. e3 {
Oh, no.} ({My prep was focused on} 4. Nf3 dxc4 {!}) 4... g6 {The Schlechter
makes a bit more sense once White leaves his dark-squared bishop behind the
e3-pawn.} ({I didn't think I could match my wits with Greg in the Semi-Slav
Meran Variation he played as Black throught his entire career, so} 4... e6 {
was ruled out.}) 5. Nf3 Bg7 6. Be2 $5 {Played quickly and confidently.} ({
I was more familiar with the main move} 6. Bd3 {which I had played with White
on many occasions.}) 6... O-O 7. O-O b6 $5 {I settled on this rare move
because I didn't like the alternatives.} ({Perhaps a better move order is to
start with} 7... e6 {to make sure Black can recapture on d5 with the e-pawn.})
8. b3 {Here I realized Greg was out for blood.} (8. cxd5 {is safe and sound
for White.}) 8... e6 9. a4 $5 Bb7 ({In retrospect I would be better off
stopping White's expansion with} 9... a5 $1) 10. Ba3 Re8 11. b4 Nbd7 12. Qb3
Rb8 $6 {I played slowly and tentatively.} ({Even here it wasn't too late for} 
12... a5 $1 13. bxa5 Rxa5 14. cxd5 exd5 15. Bd6 Re6 16. Bg3 Ba6 {with
complicated equality.}) 13. Rac1 Ne4 {Suddenly I found myself down to 24
minutes on the clock, and without having made any headway.} ({The idea behind
12...Rb8 was to insist on} 13... c5 {but I didn't like my prospects after} 14.
cxd5 Bxd5 ({worse is} 14... Nxd5 15. bxc5 bxc5 16. Nb5) 15. Nxd5 exd5 {with an
edge for White.}) 14. Rfd1 {Played instantaneously, but I considered it
inaccurate.} ({I thought this was the time to fix the pawn structure with} 14.
cxd5 $1 Nxc3 15. Rxc3 exd5 16. Rfc1 {. I was going to play} a6 {and hope for
the best.}) 14... Nxc3 15. Rxc3 {Again, a bit too quick.} ({Against} 15. Qxc3 {
I was thinking of going back to my Grunfeld roots and offering a speculative
pawn sacrifice with} c5 16. bxc5 bxc5 17. cxd5 Bxd5 18. Bxc5 Rc8 19. Qa3 Nxc5
20. dxc5 Qe7 21. Nd4 Bf8 {but realistically, Black is just trying to survive.})
15... c5 $1 {Finally I was able to play one move quickly and confidently,
regardless of its objective value. Greg started to take his time.} 16. Qc2 ({
I figured} 16. cxd5 Bxd5 17. Qc2 cxb4 18. Bxb4 Nf6 {would be a passable
Grunfeld position. At least I have seen worse!}) 16... cxd4 ({I have no idea
why I didn't look at} 16... cxb4 17. Bxb4 Nf6 {.}) 17. Nxd4 dxc4 $2 {This
could have been a very costly error.} ({I had to get my knight out first} 17...
Nf6 $1 {with a perfectly playable position.}) 18. b5 $6 {I suspect Greg
thought he was winning, but it was not to be that easy for him.} ({There was
no real need for fireworks, as the simple} 18. Rxc4 Qg5 19. Nc6 Bxc6 20. Rxc6
Nf6 21. b5 {would guarantee White a sizeable advantage.}) 18... Qg5 19. Nc6 ({
The quiet} 19. g3 Nc5 20. Rxc4 Be4 21. Qc1 Bd5 {is no longer convincing.})
19... Bxc3 20. Rxd7 Bxc6 21. bxc6 {[#]} Qa5 $1 {Greg missed this because of
some optical hallucination (the fifth rank was closed just a move ago), and it
turns the game around for me. Black manages to keep his bishop active, holding
some white pieces back. The move ...b6-b5 now becomes an valuable resource,
not only in attack, but also in bringing the queen to help fight against the
white passed pawn. And there's this third thing -- the possible mate on e1.
Objectively speaking, White is still fine, but Greg was shaken up and started
burning time.} 22. c7 ({If White wanted a draw he could have found it in a
piece sacrifice:} 22. Bxc4 b5 23. Bxb5 Rxb5 24. axb5 Qxa3 25. g3 Be5 26. c7 Qf8
27. f4 Bf6 28. Kg2 Rc8 29. Qc4 {as Black has no way of ever improving his
position.}) ({Also,} 22. Qe4 Be5 23. Qf3 f5 24. g4 {was a pretty strong idea,
which should promise White a ton of chances.}) 22... Rbc8 23. Bxc4 b5 $5 {
I had analyzed this already, and decided to execute my moves quickly. It was
sort of a gamble, because I wasn't sure I would be winning in the end.} ({
The promising alternative} 23... Be5 {was left unattended.}) 24. Bxb5 a6 25.
Bc6 $2 {Again, multiple choices for White, and Greg goes terribly wrong.} (25.
Bxa6 $2 {was bad on account of} Rxc7 26. Rxc7 Qxc7 27. Bb2 {and Black unpins
easily:} Ra8 28. Bb5 Rc8 {.}) ({but} 25. Qe4 $5 {was good:} axb5 26. Qf4 Bf6
27. Bb4 $1 {covers the e1-square.} Rxc7 28. Rxc7 Qxa4 29. g3 Kg7 30. Qe4 {
gives strong compensation.}) ({There was also a cute tactic,} 25. Bd3 Rxc7 26.
Bb4 $1 {which would help White stay materially even. I saw} Rxd7 27. Bxa5 Bxa5
28. Bxa6 Rb8 29. Bb5 Rd2 30. Qb3 Rc8 {and correctly judged this position
promising, as the rooks can possibly line up against the f2-pawn, while the
black king is perfectly safe. Taking in account Greg's serious time trouble,
it would be hard for him to defend.}) 25... Bb2 $6 {My big, flashy shot, and a
bad choice at that.} ({I missed that after} 25... Be5 26. g3 Rxc7 27. Rxc7 Qxc7
{his c6-bishop is pinned.}) 26. Rd1 $4 {The final act in the horror show this
game had deteriorated into.} ({White holds the draw after} 26. g3 Bxa3 27. Bb7
Bc5 28. Bxc8 Rxc8 {because of} 29. Qb2 $1 ({I thought White would have to go
into a queen ending down a pawn:} 29. Rd8+ Rxd8 30. cxd8=Q+ Qxd8 31. Qxc5 Qd1+
32. Kg2 Qxa4) 29... Bb6 30. Qf6 Qf5 31. Rd8+ {and this version of a queen
ending is dead even.}) 26... Qxc7 27. Qxb2 Qxc6 28. h4 Qxa4 29. Rd4 Rc4 30. Rd2
Rxh4 31. Bd6 e5 32. g3 Rh5 33. Bc7 Qc6 0-1

[Event "U.S. Junior"]
[Site "?"]
[Date "2021.07.18"]
[Round "3"]
[White "Niemann, Hans"]
[Black "Checa, Nicolas"]
[Result "1-0"]
[WhiteElo "2571"]
[BlackElo "2552"]
[Annotator "Shlyakhtenko"]
[PlyCount "59"]
[EventDate "2021.08.11"]
[SourceTitle "CL October 2021"]
[SourceDate "2021.10.01"]
[SourceVersion "1"]
[SourceVersionDate "2021.10.01"]
[SourceQuality "1"]

1. e4 e6 2. d4 d5 3. Nc3 Nf6 4. Bg5 dxe4 5. Nxe4 Nbd7 6. Nf3 Be7 7. Nxf6+ Nxf6
8. Bd3 c5 9. dxc5 Qa5+ 10. c3 Qxc5 11. Qe2 O-O 12. O-O-O {This aggressive
continuation scores a massive 76.8% in my database. White has mobilized his
pieces as quickly as possible and prepares a kingside attack.} Ng4 $2 {A
misguided move. Black is trying to trade pieces to ease the defense, but this
only accelerates white's attacking momentum. Theory has yet to reach a clear
consensus about this position. Some alternatives:} (12... Rd8 $6 {is bad due to
} 13. Bxf6 Bxf6 14. Bxh7+ $1 Kxh7 15. Rxd8 Bxd8 16. Qd3+) (12... Bd7 $6 {
fails to the same trick:} 13. Bxf6 Bxf6 14. Bxh7+ Kxh7 15. Rxd7) ({In view of
the above variations, in which all of black's problems were based on the weak
h7-pawn, it might be worth considering} 12... h6 $5 13. h4 (13. Bxf6 Bxf6 14.
Qe4 g6 {gives white nothing.}) 13... Bd7 {and the development problem is close
to being solved. However, I don't doubt that Niemann had something prepared
here; for example,} 14. g4 {is an interesting possibility.}) 13. Bxe7 Qxe7 14.
Qe4 Nf6 15. Qh4 {White has won several tempos and brought his strongest piece
into the game.} Re8 {Stepping out of Bxh7+.} ({If} 15... g6 {, then} 16. Ne5 $1
(16. g4 $6 Bd7 17. g5 Nd5 18. Ne5 h5 $1 {is a better version compared to the
game, because the rook is better placed on f8 than e8.}) 16... Nd5 17. Qxe7
Nxe7 18. Be4 {, with a clear endgame advantage.}) 16. g4 $1 {This is the sort
of move any grandmaster makes instantly. White forces black to weaken his
position with ...g6.} g6 17. g5 Nd5 18. Ne5 ({A better way to develop the
attack was} 18. Rhe1 Bd7 19. Be4 Qd6 {Black cannot avoid this awkward move.} (
19... Ba4 20. Rxd5 $1 exd5 21. Bc2 $1) 20. Bc2 $1 {Preparing Nd2-Ne4-Nf6+.
Black has nothing, e.g.} Rac8 21. Nd2 Rxc3 22. Ne4 Rxc2+ 23. Kxc2 Qc7+ 24. Kb1
$18) 18... f6 $2 {This is wrong just for conceptual reasons. Black is opening
the position for all of white's attacking forces.} ({Black absolutely had to
play} 18... h5 {, keeping the kingside closed. White has to find a new
attacking plan; for example, I like the idea of Bc2-Rd3-Rf3. However, black
maintains some defensive chances.}) 19. Nxg6 $1 {This move is asking to be
played.} hxg6 20. Bxg6 fxg5 21. Qh6 Bd7 ({An incredible variation was pointed
out by Hans in the post-game interview:} 21... Qf6 22. Rhg1 Re7 23. Rxd5 $1
exd5 24. Bh7+ Kf7 25. Bg8+ $1 {Study-like. Hans: "As soon as I saw Rxd5, I was
like 'Oh, I'm going to win this tournament.'"}) ({There is no salvation in} 
21... Rf8 22. Rhg1 Qg7 23. Qxg5 {either.}) 22. Bxe8 Qxe8 23. Rhg1 {White has
"equalized" the material and the rest is easy for a player of Niemann's
calibre. White just takes everything on the kingside.} Kf7 24. Rxg5 Qh8 25.
Qg6+ Ke7 26. Rh5 $1 Qf8 27. Rh7+ Kd8 28. Rf7 Qh8 29. Rxd5 $1 {A nice finish.}
exd5 30. Qd6 {Black resigned, as there is no way to stop mate on d7 without
losing the queen (30...Qe8 31. Rf8).} 1-0